Closest Genetic Populations to the Scottish - Statistics

General Stats
  • This quiz has been taken 19 times
  • The average score is 10 of 12
Answer Stats
Genetic Distance
Ethnicity
% Correct
0.578 English
100%
2.415 French
100%
0.694 Irish
100%
1.632 Norwegian
100%
2.549 Swedish
100%
1.278 Danish
93%
1.787 German
93%
0.896 Dutch
79%
0.479 Welsh
79%
2.032 Belgian
64%
0.935 Breton
50%
1.591 Icelander
43%
No matching quizzes found
Score Distribution
Percent of People with Each Score
Percentile by Number Answered
Your Score History
You have not taken this quiz